Obálka Náhled e-knihy:
PDF Epub
Pro půjčování e-knih musíte být přihlášeni.
Jak si půjčit online?

Instantní macecha : z bezstarostné dvacítky nevlastní mámou dvou dětí /

Příběh o potížích, které nastanou, když si mladá žena najde přítele - rozvedeného muže se dvěma dětmi, které ji nesnášejí.

Uloženo v:
Hlavní autor: Caliskan, Patricia (Autor)
Další autoři: Netušilová, Hana (Autor), Vítková, Kristýna (Překladatel)
Médium: E-kniha
Jazyk:Czech
Vydáno: Praha : XYZ, 2019
Vydání:1. vydání
Témata:
Tagy:
Žádné tagy
LEADER 02524nam a2200445 i 4500
001 313982
003 CZ PrSKC
005 20260629062710.0
007 ta
008 190927s2019 xr g 000 f cze
015 |a cnb003135798 
020 |a 9788075975232  |q (vázáno) 
035 |a (OCoLC)1130267940 
040 |a ABG001  |b cze  |d ABA001  |e rda 
041 1 |a cze  |h eng 
072 7 |a 821.111-3  |x Anglická próza, anglicky psaná  |2 Konspekt 
080 |a 821.111-31  |2 MRF 
080 |a (0:82-31)-055.2  |2 MRF 
100 1 |a Caliskan, Patricia  |7 xx0240101  |4 aut 
240 1 0 |a Girlfriend, interrupted.  |l Česky 
245 1 0 |a Instantní macecha :  |b z bezstarostné dvacítky nevlastní mámou dvou dětí /  |c Patricia Caliskanová ; z anglického originálu Girlfriend, interrupted ... přeložily Hana Netušilová a Kristýna Vítková 
250 |a 1. vydání 
264 1 |a Praha :  |b XYZ,  |c 2019 
300 |a 302 stran ;  |c 22 cm 
336 |a text  |b txt  |2 rdacontent 
337 |a bez média  |b n  |2 rdamedia 
338 |a svazek  |b nc  |2 rdacarrier 
520 2 |a Příběh o potížích, které nastanou, když si mladá žena najde přítele - rozvedeného muže se dvěma dětmi, které ji nesnášejí.  |b Román s humornou nadsázkou popisuje spletité vztahy mezi Ellou, mužem, do kterého je zamilovaná, a jeho dvěma dětmi. V pětadvaceti si připadá jakž takž připravená na vážný vztah, ale rozhodně ne na mateřství - či spíše macešství. A příliš nepomáhá, že obě Danovy děti se zjevně rozhodly naschvál jí dělat ze života peklo, zbytek rodiny včetně exmanželky a jejího bohatého snoubence ji neustále kritizuje a její matka, vztahová poradkyně, jí v tomhle nedokáže poradit. 
655 7 |a anglické romány  |7 fd131814  |2 czenas 
655 7 |a romány pro ženy  |7 fd187897  |2 czenas 
655 9 |a English fiction  |2 eczenas 
655 9 |a women's novels  |2 eczenas 
700 1 |a Netušilová, Hana  |7 xx0179908  |4 trl 
700 1 |a Vítková, Kristýna  |7 xx0178725  |4 trl 
900 |a ABA001  |b 20 
928 9 |a Albatros Media - XYZ 
044 |a xr 
910 |a RBIT002 
998 |d 201575  |a https://core.palmknihy.cz/api/books/201575/cover?thd26s  |b https://core.palmknihy.cz/api/books/201575/cover/400?thd26s  |c https://core.palmknihy.cz/api/books/201575/cover/50?thd26s  |e 2050-12-31  |g 304  |i 9788075975232  |j https://core.palmknihy.cz/api/books/201575/preview.epub  |k https://core.palmknihy.cz/api/books/201575/preview.pdf  |l   |q 49  |r 1  |s https://www.palmknihy.cz/kniha/201575  |t ebook  |y 2019  |z 0 
999 |d 313980